Life histories of Boodleopsis vaucherioidea sp. nov. And B. pusilla (<Caulerpales>) and their phylogenetic implications (Registro nro. 10487)

Detalles MARC
000 -CABECERA
Campo de control 006630000a22001930004500
090 ## - CLASIFICACIÓN LOCAL
Colección AR
Consecutivo 01402
041 0# - IDIOMA
Código de idioma para texto/pista de sonido o título separado
100 1# - ASIENTO PRINCIPAL--NOMBRE PERSONAL
Nombre personal Calderón Sáez, Eduardo
245 10 - MENCION DE TITULO
Título Life histories of Boodleopsis vaucherioidea sp. nov. And B. pusilla (<Caulerpales>) and their phylogenetic implications
650 14 - ASIENTO SECUNDARIO DE MATERIA - TERMINO TEMATICO
Término temático o nombre geográfico como elemento de entrada Filogenética
650 14 - ASIENTO SECUNDARIO DE MATERIA - TERMINO TEMATICO
Término temático o nombre geográfico como elemento de entrada Análisis genético
650 14 - ASIENTO SECUNDARIO DE MATERIA - TERMINO TEMATICO
Término temático o nombre geográfico como elemento de entrada Morfología
650 14 - ASIENTO SECUNDARIO DE MATERIA - TERMINO TEMATICO
Término temático o nombre geográfico como elemento de entrada Sistemática
653 ## - TERMINO DE INDIZACION - NO CONTROLADO
-- Boodleopsis
-- Boodleopsis vaucherioidea
653 ## - TERMINO DE INDIZACION - NO CONTROLADO
-- Boodleopsis
-- Boodleopsis pusilla
700 1# - ASIENTO SECUNDARIO - NOMBRE PERSONAL
Nombre personal Schnetter, Reinhard
773 1# - Item fuente:
Título Phycologia
Especificación de materiales 508
Descripción física 4
Paginas del Articulo 476-490
Lugar, editorial y fecha de publicación 1989
Información sobre la relación 28
942 ## - ELEMENTOS ADICIONALES (KOHA)
Tipo de ítem Artículo
Existencias
Withdrawn status Lost status Damaged status No para préstamo Colección Ubicación Permanente Ubicación actual Fecha de adquisición Fuente de Valor Datos de publicación Seriada Total Checkouts Número topográfico Inventario / Código de Barras Date last seen Ejemplar Price effective from Forma de adquisición Tipo de material
      No para Préstamo Hemeroteca Bogotá Bogotá 27/02/2015 Muñoz Saba, Yaneth Fuera de circulación   AR 01402 011756 25/03/2015 1 25/03/2015   Artículo